| 000 | | | 05405cgm0a2200349#x 450 |
| 001 | | | 88cfac0e-7aea-427a-9aeb-659aa6d4c082 |
| 005 | | | 20230606164637.0 |
| 100 | ## | $a | 20210903e20##1939k###0rusy50 ca |
| 101 | 0# | $a | rus |
| 102 | ## | $a | RU |
| 115 | ## | $a | a005aa|||b|||||||xx| |
| 122 | 0# | $a | d193909#### |
| 200 | 1# | $a | Встреча Красной армии в г. Слониме (Западная Белоруссия) и в г. Львове (Западная Украина) |
| | $j | [Сентябрь 1939 г.] |
| 251 | ## | $c | Документ |
| 300 | ## | $a | Продолжительность: 4 мин 22 с. Черно-белый, звуковой |
| 300 | ## | $a | Фрагмент кинофильма "На освобожденной земле". 1939 г. Московская студия кинохроники. Операторы: П. Лампрехт, И. Вейнерович, В. Цитрон, М. Кауфман |
| 371 | ## | $a | Копирование пользователями не разрешается |
| 605 | ## | $a | Вторая мировая война в архивных документах (Комплекс оцифрованных архивных документов, кино- и фотоматериалов) |
| | $l | коллекция |
| | $2 | acquisition_Prlib |
| | $3 | LIBNET\UAF\0000088514 |
| 605 | ## | $a | Россия - Беларусь: из истории взаимоотношений |
| | $l | коллекция |
| | $2 | acquisition_Prlib |
| | $3 | LIBNET\UAF\0000107215 |
| 607 | ## | $2 | prlib_sh |
| | $3 | LIBNET\UAF\0000092519 |
| | $a | Украина Западная |
| | $x | Присоединение к СССР |
| | $z | 1939 |
| | $j | Кинохроника |
| 607 | ## | $2 | prlib_sh |
| | $3 | LIBNET\UAF\0000092520 |
| | $a | Белоруссия Западная |
| | $x | Присоединение к СССР |
| | $z | 1939 |
| | $j | Кинохроника |
| 607 | ## | $2 | prlib_sh |
| | $3 | LIBNET\UAF\0000092259 |
| | $a | Львов, город (Украина) |
| | $x | История |
| | $z | 1939 |
| | $j | Кинохроника |
| 607 | ## | $2 | prlib_sh |
| | $3 | LIBNET\UAF\0000096903 |
| | $a | Слоним, город (Белоруссия) |
| | $x | История |
| | $z | 1939 |
| | $j | Кинохроника |
| 608 | ## | $2 | prlib_sh |
| | $3 | DITM\AF\0000002533 |
| | $a | Исторические документальные фильмы |
| 617 | ## | $a | Белоруссия |
| | $f | 1939 |
| | $2 | prlib_sh |
| 617 | ## | $a | Украина |
| | $f | 1939 |
| | $2 | prlib_sh |
| 686 | ## | $a | 63.3(2)621-6я04 |
| | $v | LBC/M |
| | $2 | rubbk |
| 801 | #0 | $a | RU |
| | $b | ПБ им. Б.Н. Ельцина |
| | $c | 20210903 |
| 801 | #1 | $a | RU |
| | $b | ПБ им. Б.Н. Ельцина |
| | $c | 20210903 |
| | $2 | rusmarc |
| 801 | #2 | $a | RU |
| | $b | ПБ им. Б.Н. Ельцина |
| | $c | 20210907 |
| | $2 | rusmarc |
| 850 | ## | $a | Российский государственный архив кинофотодокументов |
| 852 | ## | $a | РГАКФД |
| | $j | Арх. № 13471 |
| 856 | 4# | $n | ПБ им. Б.Н. Ельцина |
| | $u | http://readingroom.main.prlib.ru/item.aspx?id_node=n167932218&mode=full |
| | $d | 6151 |
| 035 | ## | $a | LIBNET\0001181068 |
| 937 | ## | $d | 167932218 |
| | $h | Федеральное архивное агентство |